| 000 | 00520nam a2200205Ia 4500 | ||
|---|---|---|---|
| 005 | 20250508165513.0 | ||
| 008 | 008 250505s9999 xx 000 0 hin d | ||
| 037 | _aReference | ||
| 040 |
_aFEDL _beng _cFEDL |
||
| 041 |
_ahin _2hin |
||
| 084 |
_a370, EKL/RR _qFEDL |
||
| 100 | _aGupta Arvind | ||
| 245 | 0 | _aHaath ke saath | |
| 245 | 0 | _cEklavya | |
| 260 |
_aBhopal, India _bEklavya Prakashan |
||
| 300 | _a120p. | ||
| 365 |
_aINR _b1595 |
||
| 942 |
_cREF _h370, EKL/RR |
||
| 999 |
_c1395513 _d1395513 |
||